Applied geomorphology : a perspective of the contribution of geomorphology to interdisciplinary studies and environmental management /
Guardado en:
| Otros Autores: | |
|---|---|
| Formato: | Libro |
| Idioma: | English |
| Publicado: |
Amsterdam ; New York :
Elsevier Scientific Pub. Co. : distributors for the U.S. and Canada, Elsevier/North-Holland,
1977.
|
| Etiquetas: |
Agregar Etiqueta
Sin Etiquetas, Sea el primero en etiquetar este registro!
|
| LEADER | 00663nam a22001455a 4500 | ||
|---|---|---|---|
| 001 | EEA.libagro003017 | ||
| 005 | 20190704124315.0 | ||
| 008 | 130809s1977####nyua#####b####000#0#eng#d | ||
| 082 | 0 | 4 | |a 551.4 |
| 245 | 1 | 0 | |a Applied geomorphology : |b a perspective of the contribution of geomorphology to interdisciplinary studies and environmental management / |c edited by John R. Hails. |
| 260 | |a Amsterdam ; |a New York : |b Elsevier Scientific Pub. Co. : |b distributors for the U.S. and Canada, Elsevier/North-Holland, |c 1977. | ||
| 300 | |a xv, 418 p. : |b il. ; |c 24 cm. | ||
| 504 | |a Bibliografía: p. 363-398. | ||
| 700 | 1 | |a Hails, John R. | |
| 859 | |a AR-BbBCA |b BIB. AGRONOMIA |h 551.4 |i H151 |p 1981/0071 | ||
